000 00609nam a2200217 a 4500
001 BRCA_3548
005 20190320204329.0
008 310709s1960----au a---###---#000-0#ger-#
041 _ager
044 _aau
050 4 _aNX660
_b.S36 1960
100 1 _aSchmiedbauer, Alois
_99208
245 1 0 _aMeisterwerke Kirchlicher Kunst aus Österreich
_cAlois Schmiedbauer.
260 _aInnsbruck, Austria
_bTyrolia
_c1960
300 _a359 p.
_bil. (algunas a color)
_c28 cm.
500 _aB216
650 1 4 _aArte y simbolismo cristiano
_99209
650 1 4 _aArte
_zAustria
_99210
902 _aGFM
942 _2lcc
_cB
999 _c3283
_d3283